zpět

Detail výsledku týmu

Adélka, Pustiměř

Datum a čas kvízu

37.5 Celkem bodů Celkový počet nahraných bodů na tomto kvízu bez doplňovacích otázek.
2. Pořadí na kvízu Konečné umístění týmu na tomto kvízu.

Zaznamenané odpovědi

# Otázka Odpověď Body Výsledky
1. Že vánoční punk není mrtvý, má... Bruntál 1
2. Jeden ze členů britské královs... princ Andrew 1
3. V pražské O2 aréně se 3. prosi... Petr Čech 1
4. Gambrinus ve čtvrtek oznámil j... přestane stáčet pivo do plastových lahví 0
5. V pátek dostal český motocyklo... Karel Abraham 1
6. Toto téma minulý týden zvítězi... Vídeň, 1996 1
7. Nespočet hlášek má na svém kon... vycházky 0
8. Televize Nova a sportovní přen... Václav Tittelbach, Pavel Poulíček 1
9. Autorem mnoha legendárních hlá... Nemecký/Německý 1
10. Tento finský komentář vítěznéh... 71 m (uznáváme tedy 68–74) 1